|
|
|
|
| LEADER |
00784nam a22001817a 4500 |
| 082 |
|
|
|a 894.M09
|b GEO/K M7
|
| 100 |
|
|
|a ജോര്ജ്ജ് ഇരുമ്പയം
|9 324218
|
| 100 |
|
|
|a George Irumbayam
|9 324219
|
| 240 |
|
|
|a Kattalaril Kappiri Kamadevan
|
| 245 |
|
|
|a കാട്ടാളരില് കാപ്പിരി കാമദേവന്
|
| 250 |
|
|
|a 1st
|
| 260 |
|
|
|a Kozhikode;
|b Malayalam Pub;
|c 1987
|
| 300 |
|
|
|a 103p.
|
| 650 |
|
|
|a മലയാളം; സാഹിത്യ നിരൂപണം
|9 324220
|
| 650 |
|
|
|a Malayalam; Literary Criticism
|9 324221
|
| 942 |
|
|
|c BK
|
| 999 |
|
|
|c 72111
|d 72111
|
| 952 |
|
|
|0 0
|1 0
|4 0
|6 894_000000000000000_M09_GEO_K_M7
|7 0
|8 LITC
|9 85180
|a MAL
|b MAL
|d 2017-01-10
|e 34557
|g 12.00
|l 0
|o 894.M09 GEO/K M7
|p MAL034557
|r 2017-01-10
|t 1
|w 2017-01-10
|y BK
|